Mixed Word: Ahoy Matey! Quiz Stats

 Plays Quiz Updated Apr 20, 2012

Support Sporcle.
Go Orange.
Score 0/16 Timer 03:00
0 Plays Today
Hint Answer % Correct
WBOBow
99.9%
LHEMHelm
97.3%
TOPRPort
94.7%
NESTRStern
92.8%
POPO CEDKPoop deck
92.1%
TAMSMast
89.5%
LEGLAYGalley
72.3%
POMACSSCompass
71.3%
Hint Answer % Correct
BSDTOARRAStarboard
67.9%
HOANCRAnchor
62.6%
OBVDEORAROverboard
62.5%
MOATFHFathom
55.4%
PINAACTCaptain
52.9%
GPAKNLGNAGangplank
49.8%
SMANIILAMainsail
27.6%
ATFABAbaft
27.4%

From the Vault

Click the Southeastern States Minefield

by JustChris

Geography 30s
It'd be a lot harder if we went and rotated the map around.
Remove Ads.
Support Sporcle.
Get the best of Sporcle when you Go Orange. This ad-free experience offers more features, more stats, and more fun while also helping to support Sporcle. Thank you for becoming a member.

Show Comments

Extras

Top Quizzes Today


Score Distribution

Your Account Isn't Verified!

In order to create a playlist on Sporcle, you need to verify the email address you used during registration. Go to your Sporcle Settings to finish the process.

Report this User

Report this user for behavior that violates our Community Guidelines.

Details: